000 01034nam a2200481Ia 4500
001 6778
003 13745
005 20250304063411.0
008 ||||||n9999 ||| || ||
041 _aspa
082 _219
_a350
100 _aBorja, Jordi
_912104
245 0 _aEstado descentralizacion y democracia
260 _aBogotá :
_bFUNFO,
_c1989.
300 _a271p
490 _aColección ciudad y democracia
562 _e7
650 0 _aDemocracia
_91445
650 _aDESCENTRALIZACIÓN POLÍTICO ADMINISTRATIVA
_93980
650 0 _aEstado
_92991
942 _cBKM
942 _cBKM
999 _c6778
_d6778
526 _a17598
526 _a102617
526 _a102618
526 _a15794
526 _a102619
526 _a102620
526 _a10406
526 _a105630
526 _a1698
526 _a116204
526 _a4969
526 _a19790
526 _a104436
526 _a5144
526 _a51868
526 _a3899
526 _a9683
526 _a
526 _a1703
526 _a1697